| 000 | 01136nam a22002897a 4500 | ||
|---|---|---|---|
| 003 | OSt | ||
| 005 | 20180118143325.0 | ||
| 008 | 180118e201706 spc|||| |||| 0|1 0 spa|d | ||
| 017 |
_aDL B 8684-2017 _bBiblioteca de Catalunya |
||
| 020 | _a9788499927466 | ||
| 040 |
_aES-BaBC _bcat _cCDMR |
||
| 100 | 1 |
_aG. Prieto, Mónica, _d1974- |
|
| 245 | 1 | 3 |
_aLa Semilla del odio _b: de la invasión de Irak al surgimiento del ISIS / _cMónica G. Prieto y Javier Espinosa |
| 260 |
_aBarcelona : _bDebate, _c017 |
||
| 300 |
_a538 pàgines : _bil·lustracions en blanc i negre ; _c23 cm |
||
| 504 | _aBibliografia: pàgines 515-[516]. Índex | ||
| 610 | 2 | 7 |
_aEstat Islàmic (Organització) _2lemac |
| 650 | 0 | 7 |
_aGuerra d'Iraq, 2003-2011 _xRelats personals _2lemac _93582 |
| 650 | 7 |
_aCorresponsals de guerra _zEspanya _2lemac _93678 _vRelats personals |
|
| 650 | 7 |
_aTerrorisme _xAspectes religiosos _xIslamisme _2lemac |
|
| 650 | 7 |
_aTerrorisme _zOrient Mitjà _2lemac |
|
| 650 | 7 |
_aGihad _2lemac |
|
| 650 | 7 |
_aFonamentalisme islàmic _2lemac |
|
| 651 | 7 |
_aOrient Mitjà _xHistòria _yS. XXI _2lemac |
|
| 700 | 1 |
_aEspinosa, Javier, _d1964- _eautor |
|
| 942 | _cMON | ||
| 999 |
_c7108 _d7108 |
||